000 00910nam a22002415a 4500
005 20080812020928.0
008 080724s2008 ii a b 001 0 eng
010 _aENG-91983
020 _a9780195693546
_c595.00
020 _a019569354X
_c595.00
035 _aEN-75516
037 _bDBAD / PUB
040 _adpl
_bEnglish
082 _a338.954
245 _aIndia's turn :
_bunderstanding the economic transformation /
_cedited by Arvind Subramanian.
260 _aNew Delhi
_bOxford University Press
_c2008
300 _axlii, 237 p. :
_bill. ;
_c24 cm (Hb)
500 _aIncludes index.
651 _aIndia
_xEconomic policy
_y1991-
700 _aSubramanian, Arvind.
942 _2ddc
_cEN
_mIND
_h338.954
999 _c19440
_d19440